00411nam a2200133Ia 4500008004100000020001500041050002400056100001900080245007000099260004200169300002400211504002300235999001900258150223s9999 xx 000 0 und d a0312357370 aGV 838b.SC298 2008 aSchaller, Bob. 4aThe untold story of a champion :bMichael Phelps /cBob Schaller. aNew York :bSt. Martin's Press,c2008 a244 pages :c17 cm. aIncludes appendix. c283284d283284